000 00377nam a22001577a 4500
020 _a0-590-50814-8
082 _a823
_bAPP/A
100 _aAPPLEGATE, K.A
245 _aANIMORPHS
_bL'EXTRATERRESTRE -FRENCH
246 _aANIMORPHS
_bL'EXTRATERRESTRE- FRENCH
260 _c1996
300 _a209
520 _aFRENCH SHORT STORY
650 _aFRENCH SHORT STORY
942 _cBK
999 _c1882
_d1882